000 00972nam a22003257a 4500
001 BR9804090
003 BR-BrBNA
005 20230928100055.0
007 ta
008 230509b bl.||||| |||| 00| 0 por d
040 _aBR-BrBNA
_bpor
_cBiblioteca Nacional de Agricultura
041 _a(Por)
072 _aJ10; F03
_b0150
_b3575
_b4440
090 _ 0150 BR9804090
100 1 _aCorrea, C.F.
110 1 _aUniversidade Federal de Pelotas, RS (Brasil)
_0Tese (Mestre)
_910876
245 1 _aSecagem de sementes de arroz (Oryza sativa L.)em silo secador com distribuicao radial de ar
260 3 _aPelotas, RS (Brasil):
_c1981.
300 _a85 p.
500 _aBibliografia p. 82-85; Summaries (Eng, Por); 31 tables; 21 illus.
650 _aArroz
650 _aSemente
650 _aSecagem
650 _aSilo
650 _aTeor de Umidade
650 _aTeste de Sementes
650 _aGerminacao
909 _a202309
_bLucia
_c55
_dLucia Elande
942 _cBK
999 _c60196
_d60196